<?xml version="1.0" encoding="UTF-8"?><?xml-stylesheet type="text/xsl" href="static/style.xsl"?><OAI-PMH xmlns="http://www.openarchives.org/OAI/2.0/" xmlns:xsi="http://www.w3.org/2001/XMLSchema-instance" xsi:schemaLocation="http://www.openarchives.org/OAI/2.0/ http://www.openarchives.org/OAI/2.0/OAI-PMH.xsd"><responseDate>2026-06-29T01:32:21Z</responseDate><request verb="GetRecord" identifier="oai:docta.ucm.es:20.500.14352/122556" metadataPrefix="marc">https://docta.ucm.es/rest/oai/request</request><GetRecord><record><header><identifier>oai:docta.ucm.es:20.500.14352/122556</identifier><datestamp>2025-08-25T11:31:01Z</datestamp><setSpec>com_20.500.14352_1</setSpec><setSpec>col_20.500.14352_4</setSpec></header><metadata><record xmlns="http://www.loc.gov/MARC21/slim" xmlns:dcterms="http://purl.org/dc/terms/" xmlns:xsi="http://www.w3.org/2001/XMLSchema-instance" xmlns:doc="http://www.lyncode.com/xoai" xsi:schemaLocation="http://www.loc.gov/MARC21/slim http://www.loc.gov/standards/marcxml/schema/MARC21slim.xsd">
   <leader>00925njm 22002777a 4500</leader>
   <datafield ind2=" " ind1=" " tag="042">
      <subfield code="a">dc</subfield>
   </datafield>
   <datafield ind2=" " ind1=" " tag="720">
      <subfield code="a">Villa De Gregorio, Miguel</subfield>
      <subfield code="e">author</subfield>
   </datafield>
   <datafield ind2=" " ind1=" " tag="720">
      <subfield code="a">Navajas Seco, Rosaura</subfield>
      <subfield code="e">author</subfield>
   </datafield>
   <datafield ind2=" " ind1=" " tag="720">
      <subfield code="a">Blández Ángel, María Julia</subfield>
      <subfield code="e">author</subfield>
   </datafield>
   <datafield ind2=" " ind1=" " tag="720">
      <subfield code="a">Ramón Otero, Irene</subfield>
      <subfield code="e">author</subfield>
   </datafield>
   <datafield ind2=" " ind1=" " tag="720">
      <subfield code="a">Palomo Nieto, Miriam</subfield>
      <subfield code="e">author</subfield>
   </datafield>
   <datafield ind2=" " ind1=" " tag="720">
      <subfield code="a">Avilés Villarroel, Carlos Alberto</subfield>
      <subfield code="e">author</subfield>
   </datafield>
   <datafield ind2=" " ind1=" " tag="720">
      <subfield code="a">Ramírez Rico, Elena</subfield>
      <subfield code="e">author</subfield>
   </datafield>
   <datafield ind2=" " ind1=" " tag="720">
      <subfield code="a">Rocu Gómez, Patricia</subfield>
      <subfield code="e">author</subfield>
   </datafield>
   <datafield ind2=" " ind1=" " tag="720">
      <subfield code="a">Zapatero Ayuso, Jorge Agustín</subfield>
      <subfield code="e">author</subfield>
   </datafield>
   <datafield ind2=" " ind1=" " tag="720">
      <subfield code="a">García Obrero, Elisa</subfield>
      <subfield code="e">author</subfield>
   </datafield>
   <datafield ind2=" " ind1=" " tag="720">
      <subfield code="a">Rojo González, Óscar</subfield>
      <subfield code="e">author</subfield>
   </datafield>
   <datafield ind2=" " ind1=" " tag="720">
      <subfield code="a">Abengózar Sierra, María</subfield>
      <subfield code="e">author</subfield>
   </datafield>
   <datafield ind2=" " ind1=" " tag="260">
      <subfield code="c">2015-07-15</subfield>
   </datafield>
   <datafield ind2=" " ind1=" " tag="520">
      <subfield code="a">Las desigualdades de género que, desafortunadamente, siguen siendo muy palpables en nuestra sociedad, son reproducidas por la población escolar y adolescente en diferentes contextos. Esta problemática resulta especialmente evidente en espacios como las clases de Educación Física u otros escenarios de naturaleza físico-deportiva, en los que lo masculino predomina sobre lo femenino. En consecuencia, se generan diferentes formas de opresión y desigualdad que responden a dinámicas de género profundamente arraigadas. A esta situación se suma una creciente visibilización de los trastornos del neurodesarrollo en la población infantil y adolescente, lo que da lugar a un escenario educativo marcado por la neurodiversidad. En contextos físico-deportivos, estas circunstancias generan interseccionalidades entre género y neurodiversidad, que afectan especialmente a menores con Trastorno por Déficit de Atención con Hiperactividad (TDAH), quienes suelen presentar dificultades en la atención y/o de competencia motriz, lo que agrava su situación de vulnerabilidad en estos entornos. En este marco, el presente proyecto diseño y desarrolló una intervención coeducativa basada en la metodología de aprendizaje-servicio (ApS), cuyo protagonista fue un deporte de raqueta (pickleball) que, por su naturaleza alternativa, contribuyó a que el ambiente de enseñanza y aprendizaje durante la intervención, fuera coeducativo. La intervención, cabe mencionar, fue implementada en un instituto público de la Comunidad de Madrid con un grupo de adolescentes de entre los 13 y los 15 años de edad, con y sin TDAH. Asimismo, permitió al estudiantado universitario participante, trabajar sobre un amplio abanico de competencias académicas, científicas, profesionales y sociales. Así pues, pudieron identificar y atender las interseccionalidades de manera inclusiva, mediante el deporte y la coeducación, entendidas como herramientas para la transformación social y la equidad educativa.</subfield>
   </datafield>
   <datafield ind1="8" ind2=" " tag="024">
      <subfield code="a">https://hdl.handle.net/20.500.14352/122556</subfield>
   </datafield>
   <datafield ind2="0" ind1="0" tag="245">
      <subfield code="a">Interseccionalidad de Género y Neurodiversidad en la Actividad Física (IGeNAF): Diseño y Aplicación de una Intervención ApS</subfield>
   </datafield>
</record></metadata></record></GetRecord></OAI-PMH>